Top 300 Most Popular Metal Albums on Rate Your Music - Statistics

General Stats
  • This quiz has been taken 135 times
    110 since last reset
  • The average score is 77 of 300
Answer Stats
No. of Ratings Year of Release Sub-Genre Album % Correct
43,373 1986 Thrash Metal Master of Puppets
93%
40,391 1984 Thrash Metal Ride the Lightning
87%
52,153 1970 Heavy Metal / Hard Rock Paranoid
84%
30,008 1988 Thrash Metal …And Justice for All
82%
30,089 1983 Thrash Metal Kill 'Em All
82%
34,731 1970 Heavy Metal / Hard Rock Black Sabbath
79%
29,677 1991 Heavy Metal Metallica
77%
33,736 2001 Alternative Metal Toxicity
77%
14,225 1999 Nu Metal Slipknot
75%
26,183 1990 Thrash Metal Rust In Peace
70%
12,661 1994 Nu Metal Korn
69%
16,188 1986 Thrash Metal Peace Sells... But Who's Buying?
67%
11,857 2001 Nu Metal / Alternative Metal Iowa
66%
16,818 1980 NWOBHM / Heavy Metal Iron Maiden
66%
34,209 1971 Heavy Metal / Traditional Doom Metal Master of Reality
66%
15,474 1990 Heavy Metal Painkiller
66%
21,167 1984 Heavy Metal Powerslave
66%
25,581 1986 Thrash Metal Reign In Blood
66%
14,739 1996 Hard Rock / Heavy Metal Load
64%
27,526 1992 Grunge / Alternative Metal Dirt
62%
32,176 1992 Rap Metal Rage Against the Machine
62%
21,140 2000 Nu Metal / Rap Rock Hybrid Theory
61%
13,476 1997 Hard Rock / Heavy Metal Reload
61%
11,602 1990 Groove Metal / Thrash Metal Cowboys From Hell
59%
12,915 1992 Groove Metal Vulgar Display of Power
59%
14,054 1981 NWOBHM / Heavy Metal Killers
57%
23,194 1982 NWOBHM / Heavy Metal The Number of the Beast
57%
10,238 1980 Heavy Metal British Steel
56%
9,512 1998 Nu Metal Follow the Leader
54%
14,386 1980 Heavy Metal Heaven and Hell
52%
15,536 1988 Heavy Metal Seventh Son of a Seventh Son
52%
17,519 2003 Alternative Metal St. Anger
52%
18,524 1998 Alternative Metal System of A Down
52%
15,345 1983 Heavy Metal / NWOBHM Piece of Mind
51%
13,359 1986 Heavy Metal Somewhere In Time
51%
22,350 1995 Technical Death Metal Symbolic
51%
30,232 2001 Alternative / Progressive Metal Lateralus
49%
20,453 1973 Heavy Metal / Hard Rock Sabbath Bloody Sabbath
49%
13,115 1988 Death Metal Leprosy
48%
12,635 1988 Thrash Metal South of Heaven
48%
20,967 1972 Heavy Metal / Hard Rock Vol. 4
48%
30,156 2000 Alternative Metal White Pony
48%
16,433 2003 Nu Metal / Rap Rock Meteora
46%
13,326 1990 Thrash Metal Seasons In the Abyss
46%
8,802 1987 Thrash Metal Among the Living
44%
14,344 2008 Thrash Metal Death Magnetic
44%
16,128 1991 Technical Death Metal / Death Metal Human
44%
25,745 1996 Alternative Metal Ænima
43%
24,906 1997 Nu Metal / Alternative Metal Around the Fur
43%
7,520 1994 Groove Metal Far Beyond Driven
43%
9,221 2016 Heavy Metal Hardwired...to Self-Destruct
43%
12,273 1987 Death Metal Scream Bloody Gore
43%
6,795 1999 Nu Metal / Rap Metal Significant Other
43%
9,434 2004 Alternative Metal / Nu Metal Vol 3: (The Subliminal Verses)
43%
11,919 1992 Heavy Metal Countdown to Extinction
41%
14,262 2005 Alternative Metal Hypnotize
41%
13,393 2002 Alternative Metal Steal This Album!
41%
11,443 1995 Grunge / Alternative Metal Alice In Chains
39%
14,043 1990 Grunge / Alternative Metal Facelift
39%
9,407 1992 Heavy Metal Fear of the Dark
39%
24,269 1996 Atmospheric Black Metal / Ambient Filosofem
39%
7,871 1996 Groove Metal / Nu Metal / Alternative Metal Roots
39%
11,556 1982 Heavy Metal Screaming for Vengeance
39%
15,342 1998 Technical Death Metal / Progressive Metal The Sound of Perseverance
39%
7,460 2008 Alternative Metal All Hope Is Gone
38%
13,704 1994 Black Metal De Mysteriis Dom Sathanas
38%
10,142 1985 Thrash Metal Hell Awaits
38%
12,269 1993 Technical Death Metal Individual Thought Patterns
38%
10,872 2001 Neue Deutsche Härte Mutter
38%
6,551 1996 Groove Metal The Great Southern Trendkill
38%
19,413 2006 Alternative / Progressive Metal 10,000 Days
36%
10,419 1986 Epic Doom Metal Epicus Doomicus Metallicus
36%
14,045 1996 Rap Metal / Alternative Metal Evil Empire
36%
13,514 2005 Progressive Metal / Death Metal From Mars to Sirius
36%
11,473 1983 Heavy Metal Holy Diver
36%
7,104 1996 Nu Metal Life Is Peachy
36%
13,782 1975 Heavy Metal / Hard Rock Sabotage
36%
9,361 1990 Death Metal Spiritual Healing
36%
5,835 2023 Heavy Metal 72 Seasons
34%
13,920 1992 Black Metal A Blaze In the Northern Sky
34%
6,836 1982 Speed Metal / NWOBHM / Heavy Metal Black Metal
34%
19,393 2001 Progressive Metal Blackwater Park
34%
7,956 2000 Nu Metal / Rap Metal / Rap Rock Chocolate Starfish and the Hotdog Flavored Water
34%
10,353 2003 Alternative Metal Deftones
34%
20,667 2000 Stoner Metal / Doom Metal Dopethrone
34%
7,507 1987 Grindcore Scum
34%
8,108 1994 Heavy Metal Youthanasia
34%
11,519 1980 Heavy Metal / Hard Rock Ace of Spades
33%
7,536 1993 Groove Metal / Thrash Metal Chaos A.D.
33%
15,918 2004 Sludge / Progressive Metal Leviathan
33%
17,595 2005 Alternative Metal Mezmerize
33%
10,009 1976 Heavy Metal Sad Wings of Destiny
33%
13,496 1999 Rap Metal / Alternative Metal The Battle of Los Angeles
33%
6,861 2001 Progressive Metal / Avant-Garde Metal Bath
31%
9,287 1989 Thrash Metal Beneath the Remains
31%
6,228 1985 Thrash Metal Bonded by Blood
31%
12,408 1994 Symphonic Black Metal In the Nightside Eclipse
31%
9,104 1985 Thrash Metal / Speed Metal Killing Is My Business... And Business Is Good!
31%
10,722 1983 Thrash Metal / Speed Metal Show No Mercy
31%
8,885 1988 Thrash Metal So Far, So Good... So What!
31%
24,656 2013 Blackgaze / Post-Metal Sunbather
31%
5,752 1992 Death Metal / Brutal Death Metal Tomb of the Mutilated
31%
12,038 1994 Black Metal Transilvanian Hunger
31%
9,265 1984 Black Metal / Thrash Metal Bathory
30%
7,775 1999 Nu Metal Issues
30%
20,162 2001 Mathcore / Metalcore Jane Doe
30%
8,696 1979 Heavy Metal / Hard Rock Overkill
30%
6,630 1986 Thrash Metal Pleasure to Kill
30%
11,526 1995 Nu Metal / Alternative Metal Adrenaline
28%
8,784 1991 Thrash Metal Arise
28%
12,371 2005 Progressive Metal Ghost Reveries
28%
17,472 1994 Stoner Rock / Stoner Metal Kyuss [Welcome to Sky Valley]
28%
8,519 1981 Heavy Metal Mob Rules
28%
16,660 1993 Alternative Metal Undertow
28%
6,278 2013 Heavy Metal / Traditional Doom Metal 13
26%
11,209 1989 Death Metal Altars of Madness
26%
9,393 2000 Heavy Metal Brave New World
26%
8,239 1992 Black Metal Burzum
26%
7,947 1984 Heavy Metal Defenders of the Faith
26%
6,483 1987 Epic Doom Metal Nightfall
26%
13,276 1999 Progressive Metal Still Life
26%
9,398 1997 Symphonic Black Metal Anthems to the Welkin at Dusk
25%
10,635 1988 Black Metal / Thrash Metal Blood Fire Death
25%
14,173 2009 Progressive Metal Crack the Skye
25%
7,935 1984 Heavy Metal Don't Break the Oath
25%
12,857 2003 Stoner Metal / Doom Metal Dopesmoker
25%
6,757 2008 Djent obZen
25%
7,758 1995 Melodic Death Metal Slaughter of the Soul
25%
11,327 1995 Melodic Black Metal Storm of the Light's Bane
25%
15,352 2002 Post-Metal / Folk Metal The Mantle
25%
5,627 1981 Speed Metal / Heavy Metal / NWOBHM Welcome to Hell
25%
7,066 1997 Stoner Metal / Doom Metal Come My Fanatics...
23%
13,895 2010 Alternative Metal Diamond Eyes
23%
11,790 2019 Progressive Metal Fear Inoculum
23%
13,451 1992 Progressive Metal Images and Words
23%
6,406 2016 Progressive Metal / Groove Metal Magma
23%
12,017 1996 Brutal Death Metal / Technical Death Metal None So Vile
23%
10,298 1998 Avant-Garde Metal / Dissonant Death Metal / Technical Death Metal Obscura
23%
7,780 1996 Gothic Metal October Rust
23%
10,992 1976 Hard Rock / Heavy Metal Rising
23%
5,880 1985 Thrash Metal Spreading the Disease
23%
10,799 1994 Sludge Metal When the Kite String Pops
23%
14,711 1992 Alternative Metal Angel Dust
21%
11,850 1991 Grunge / Alternative Metal Badmotorfinger
21%
5,844 2001 Thrash Metal / Groove Metal God Hates Us All
21%
7,355 2016 Alternative Metal / Alternative Rock Gore
21%
14,672 2012 Alternative Metal Koi No Yokan
21%
7,519 1983 Heavy Metal Melissa
21%
6,102 1985 Death Metal / Thrash Metal Seven Churches
21%
6,530 1977 Heavy Metal Sin After Sin
21%
8,224 1978 Heavy Metal Stained Class
21%
7,443 2008 Progressive Metal / Death Metal The Way of All Flesh
21%
8,712 1993 Black Metal Under a Funeral Moon
21%
8,832 2008 Progressive Metal Watershed
21%
8,672 1980 Heavy Metal / Hard Rock Blizzard of Ozz
20%
8,373 1993 Melodic Death Metal Heartwork
20%
11,458 1999 Progressive Metal Metropolis, Pt. 2: Scenes From a Memory
20%
7,952 2014 Death Metal / Black Metal The Satanist
20%
12,525 2006 Post-Metal / Atmospheric Black Metal Ashes Against the Grain
18%
6,070 1991 Death Metal Blessed Are the Sick
18%
10,275 2006 Progressive Metal / Sludge Metal Blood Mountain
18%
7,788 1993 Gothic Metal Bloody Kisses
18%
10,443 1992 Stoner Rock / Stoner Metal Blues for the Red Sun
18%
19,327 2003 Post-Metal / Drone Metal Boris at Last -Feedbacker-
18%
11,195 1993 Sludge Metal Houdini
18%
14,201 2019 Thrash Metal / Stoner Metal Infest the Rats' Nest
18%
7,778 1990 Death Metal Left Hand Path
18%
8,590 2011 Avant-Garde Metal / Heavy Metal Lulu
18%
9,179 1998 Progressive Metal / Death Metal My Arms, Your Hearse
18%
7,576 1988 Heavy Metal / Progressive Metal Operation: Mindcrime
18%
7,640 1995 Progressive Metal Orchid
18%
7,093 1995 Black Metal Panzerfaust
18%
12,326 2006 Alternative Metal / Alternative Rock Saturday Night Wrist
18%
8,997 1987 Black Metal Under the Sign of the Black Mark
18%
8,271 2012 Metalcore All We Love We Leave Behind
16%
7,371 1996 Industrial Rock / Industrial Metal Antichrist Superstar
16%
7,762 1999 Black Metal At the Heart of Winter
16%
7,026 2003 Heavy Metal Dance of Death
16%
7,646 2003 Alternative Metal Fallen
16%
7,025 1990 Viking Metal Hammerheart
16%
6,348 1987 Power Metal Keeper of the Seven Keys Part I
16%
5,947 1988 Power Metal Keeper of the Seven Keys Part II
16%
5,973 2012 Progressive Metal / Death Metal L'enfant sauvage
16%
8,942 1996 Progressive Metal Morningrise
16%
7,039 1990 Heavy Metal No Prayer for the Dying
16%
12,749 2004 Atmospheric Sludge Metal / Post-Metal Panopticon
16%
14,850 1995 Atmospheric Black Metal / Pagan Black Metal Bergtatt: Et eeventyr i 5 capitler
15%
6,440 1997 Industrial Metal City
15%
9,518 2002 Progressive Metal Deliverance
15%
9,681 2010 Blackgaze / Post-Metal / Shoegaze Écailles de lune
15%
8,066 1995 Alternative Metal King for a Day... Fool for a Lifetime
15%
8,833 2002 Atmospheric Sludge Metal Oceanic
15%
7,732 2005 Progressive Metal Octavarium
15%
10,621 2020 Alternative Metal Ohms
15%
9,052 1991 Funk Metal Sailing the Seas of Cheese
15%
9,212 1992 Stoner Metal / Doom Metal Sleep's Holy Mountain
15%
7,388 1976 Hard Rock / Heavy Metal Technical Ecstasy
15%
5,702 1995 Heavy Metal The X Factor
15%
9,531 1996 Atmospheric Sludge Metal Through Silver In Blood
15%
7,330 1985 Thrash Metal To Mega Therion
15%
10,800 2010 Grindcore / Powerviolence Unsilent Death
15%
7,115 2009 Metalcore Axe to Fall
13%
5,943 2005 Heavy Metal City of Evil
13%
6,187 2000 Death Metal Close to a World Below
13%
6,025 1993 Death Metal Covenant
13%
6,903 1996 Melodic Death Metal / Progressive Metal Crimson
13%
5,732 1991 Brutal Death Metal Effigy of the Forgotten
13%
8,243 1993 Progressive Metal / Technical Death Metal Focus
13%
13,999 1994 Atmospheric Black Metal Hvis Lyset Tar Oss
13%
5,929 1991 Death Metal Like an Ever Flowing Stream
13%
18,248 2005 Noise Rock / Stoner Metal Pink
13%
6,611 2004 Neue Deutsche Härte Reise, Reise
13%
7,488 1997 Neue Deutsche Härte Sehnsucht
13%
5,865 2019 Alternative Metal / Nu Metal We Are Not Your Kind
13%
8,978 1990 Funk Metal Frizzle Fry
11%
7,294 2019 Death Metal / Progressive Metal Hidden History of the Human Race
11%
9,868 1984 Hardcore Punk / Sludge Metal / Post-Hardcore My War
11%
6,969 1978 Hard Rock / Heavy Metal Never Say Die!
11%
8,931 2010 Black Metal / Dissonant Black Metal Paracletus
11%
7,974 1999 Atmospheric Black Metal Paysage d'Hiver
11%
11,867 2023 Progressive Metal / Thrash Metal PetroDragonic Apocalypse; or, Dawn of Eternal Night: An Annihilation of Planet Earth and the Beginning of Merciless Damnation
11%
6,379 1993 Funk Metal / Avant-Garde Metal Pork Soda
11%
9,217 1989 Industrial Metal / Sludge Metal Streetcleaner
11%
6,636 1996 Melodic Death Metal The Jester Race
11%
10,244 1989 Alternative Metal / Funk Metal The Real Thing
11%
9,254 1991 Technical Death Metal / Progressive Metal Unquestionable Presence
11%
6,783 2006 Heavy Metal A Matter of Life and Death
10%
8,589 1994 Progressive Metal Awake
10%
7,110 1996 Death-Doom Metal Brave Murder Day
10%
7,964 1999 Metalcore Calculating Infinity
10%
9,989 1993 Drone Metal / Drone Earth 2: Special Low Frequency Version
10%
10,679 2022 Noise Rock / Sludge Metal God's Country
10%
6,061 1984 Thrash Metal Morbid Tales
10%
6,263 2013 Mathcore One of Us Is the Killer
10%
5,858 1993 Black Metal Pure Holocaust
10%
8,072 2002 Sludge Metal / Progressive Metal / Metalcore Remission
10%
6,827 2000 Rap Metal / Alternative Metal Renegades
10%
7,073 2013 Metalcore / Post-Hardcore / Alternative Metal Sempiternal
10%
6,052 2017 Metalcore The Dusk In Us
10%
7,090 2003 Progressive Metal Train of Thought
10%
11,872 2003 Stoner Metal あくまのうた (Akuma No Uta)
8%
7,318 1993 Black Metal / Atmospheric Black Metal Det som engang var
8%
8,077 2015 Black Metal Exercises In Futility
8%
6,513 2022 Grindcore Hiss
8%
5,733 2016 Blackgaze / Shoegaze / Post-Metal Kodama
8%
6,913 2004 Grindcore Terrifyer
8%
6,848 2011 Progressive Metal The Hunter
8%
8,461 1998 Drone Metal / Sludge Metal Amplifier Worship
7%
7,338 2005 Drone Metal / Drone / Dark Ambient Black One
7%
5,772 2013 Technical Death Metal / Dissonant Death Metal Colored Sands
7%
11,302 2007 Progressive Rock / Progressive Metal Fear of a Blank Planet
7%
7,677 2002 Stoner Metal Heavy Rocks
7%
5,759 1978 Heavy Metal Killing Machine
7%
6,983 2010 Atmospheric Black Metal / Post-Metal Marrow of the Spirit
7%
8,590 2015 Hard Rock / Heavy Metal Meliora
7%
6,196 1991 Death Metal Mental Funeral
7%
8,719 1991 Experimental Rock / Avant-Garde Metal / Funk Metal Mr. Bungle
7%
6,117 1991 Death Metal Necroticism: Descanting the Insalubrious
7%
8,458 2015 Atmospheric Black Metal / Blackgaze New Bermuda
7%
7,109 1999 Atmospheric Black Metal / Folk Metal Pale Folklore
7%
5,742 2001 Grindcore Prowler In the Yard
7%
6,165 1992 Industrial Metal ΚΕΦΑΛΗΞΘ [Psalm 69]
7%
12,995 2007 Shoegaze / Blackgaze / Post-Metal Souvenirs d'un autre monde
7%
6,189 2005 Death Metal Those Once Loyal
7%
6,142 1999 Mathcore We Are the Romans
7%
7,393 2004 Mathcore / Metalcore You Fail Me
7%
5,655 2013 Grindcore / Powerviolence Abandon All Life
5%
5,826 1995 Stoner Rock / Stoner Metal ...And the Circus Leaves Town
5%
6,192 1991 Sludge Metal Bullhead
5%
8,225 2007 Progressive Metal / Metalcore Colors
5%
5,711 2000 Atmospheric Black Metal / Black Metal Dead as Dreams
5%
5,732 1995 Neue Deutsche Härte Herzeleid
5%
7,389 2004 Drone Metal / Doomgaze / Shoegaze Jesu
5%
7,692 2009 Drone Metal / Drone Monoliths & Dimensions
5%
5,991 2006 Doom Metal Monotheist
5%
6,466 1988 Alternative Rock / Hard Rock / Alternative Metal Nothing's Shocking
5%
6,186 2014 Progressive Metal / Stoner Metal Once More 'Round the Sun
5%
7,125 2010 Heavy Metal / Hard Rock Opus Eponymous
5%
8,894 2018 Blackgaze / Post-Metal Ordinary Corrupt Human Love
5%
6,248 2002 Progressive Metal Six Degrees of Inner Turbulence
5%
7,071 2016 Technical Thrash Metal Terminal Redux
5%
6,810 2018 Stoner Metal / Doom Metal The Sciences
5%
7,301 2007 Drone Metal / Doomgaze Weighing Souls With Sand
5%
7,037 2024 Metalcore You Won't Go Before You're Supposed To
5%
9,676 2020 Alternative Metal I Disagree
3%
5,759 2020 Alternative Metal / Metalcore I Let It In and It Took Everything
3%
7,368 2015 Black Metal Литоургиiа (Litourgiya)
3%
5,807 2007 Mathcore Ire Works
3%
7,488 2020 Avant-Garde Metal / Black Metal / Psychedelic Rock Mestarin kynsi
3%
5,963 2004 Mathcore Miss Machine
3%
6,729 1993 Technical Death Metal Nespithe
3%
5,997 2000 Grindcore The Inalienable Dreamless
3%
5,954 1999 Atmospheric Sludge Metal Times of Grace
3%
5,724 1997 Progressive Metal / Alternative Metal Biomech
2%
7,394 1997 Black Metal Nattens madrigal: Aatte hymne til ulven i manden
2%
6,158 2007 Atmospheric Black Metal Two Hunters
2%
6,417 2023 Avant-Garde Metal / Black Metal 93696
0%
7,427 2019 Avant-Garde Metal / Black Metal H.A.Q.Q.
0%
6,913 2019 Blackgaze / Post-Metal I Want to Be There
0%
6,558 2010 Atmospheric Black Metal / Ambient / Avant-Garde Metal Murmuüre
0%
No matching quizzes found
Score Distribution
Percent of People with Each Score
Percentile by Number Answered
Your Score History
You have not taken this quiz since the last reset